000
00221 a2200097 4500
001
49512
100
_a
Collins
245
_a
Not the whole truth
260
_a
Pak writers
_b
Co-operations society
_c
090
_c
32042
_d
32042
942
_a
NUST-CAE
_c
M
_c
24495
999
_c
284585
_d
284585